000 00693nam a2200157Ia 4500
008 090124s9999 xx 000 0 und d
082 _b29000
245 _a रवींद्रनाथ टागोर : रशियाहून लिहिलेली पत्रे
250 _a0
260 _bलोकवाड्.मय गृह
_c1990
300 _a75
630 _a रवींद्रनाथ टागोर : रशियाहून लिहिलेली पत्रे
700 _aकऱ्हाडे सदा
730 _a रवींद्रनाथ टागोर : रशियाहून लिहिलेली पत्रे
942 _cBOOK
999 _c94877
_d94877